| 000 | 01251naa a22003497a 4500 | ||
|---|---|---|---|
| 001 | BR9402068 | ||
| 003 | BR-BrBNA | ||
| 005 | 20250721155440.0 | ||
| 007 | ta | ||
| 008 | 250630b bl.|||m| |||| 00| 0 por d | ||
| 040 |
_aBR-BrBNA _bpor _cBiblioteca Nacional de Agricultura |
||
| 041 | _a(Pt) | ||
| 072 | _aK10 | ||
| 090 | _aK10 BR9402068 | ||
| 100 | 1 | _aCarvalho, J.O.P. de | |
| 100 | 1 | _aSilva, J.N.M. | |
| 100 | 1 | _aLopes, J. do C.A. | |
| 100 | 1 | _aMontagner, L.H. | |
| 100 | 1 | _aCarvalho, M.S.P. de | |
| 111 | 1 |
_a1. Simposio do Tropico Umido _cBelem, PA (Brazil) _d12-17 Nov 1984 |
|
| 245 | 1 | _aComposicao floristica de uma mata secundaria no planalto de Belterra no Para | |
| 500 | _a1. Simposio do Tropico Umido. Anais. Vol. 2 Belem, PA (Brasil): 1986. p. 197-205 [Summaries (En, Pt)] (BR9402068-AMS) | ||
| 773 | 0 |
_t1. Simposio do Tropico Umido. Anais. Vol. 2 _wK10 BR9402068 _gBelem, PA (Brasil), 1986. p. 197-205 |
|
| 650 | _aInventario Florestal | ||
| 650 | _aFlora | ||
| 650 | _aDesmatamento | ||
| 650 | _aExploracao Florestal | ||
| 650 | _aPara | ||
| 490 |
_aDocumentos - Centro de Pesquisa Agropecuaria do Tropico Umido (Brazil) _vno. 36 _xISSN 0101-2835 |
||
| 942 |
_cAMS _2AGRIS |
||
| 909 |
_a202506 _bLúcia _c55 _dLúcia Elande |
||
| 999 |
_c336553 _d336553 |
||